Responses for Show #7511 - Monday, April 17, 2017

Contestants

[<< previous game]

Kevin McGinty, an account representative from Randolph, Vermont

Jamie Newland, a loan coordinator from Chicago, Illinois

Deborah Beams, a certified public accountant from Dallas, Texas (whose 2-day cash winnings total $23,300)

[next game >>]

Jeopardy! Round responses

THE MARVEL UNIVERSE
BODY PART TITLES
THIS CATEGORY IS JUST FLUFF
2016 PRESIDENTIAL MEDAL OF FREEDOM RECIPIENTS
GET A LYFT WITH UBER
3 + 3
(Alex: Each correct response will be two words, three letters each word.)
    $200 3
Thor

Deborah
    $200 1
Miss Marple

Kevin
    $200 11
a Tribble

Jamie
    $200 26
Springsteen

Deborah
    $200 14
contractors

Deborah
    $200 19
(Kevin: Hot gun.)

a hit man

JamieKevin
    $400 7
Daredevil

Jamie
    $400 2
Goosebumps

Jamie
    $400 12
a mattress

Jamie
    $400 27
Vin Scully

Kevin
    $400 15
San Francisco

Deborah
    $400 20
a mad dog

Jamie
    $600 8
the Guardians of the Galaxy

Jamie
    $600 4
"The Tell-Tale Heart"

Deborah
    $600 13
marshmallow creme

Deborah
    $600 28
Bill and Melinda Gates

Jamie
    $600 16
a pink mustache

Jamie
    $600 21
a big top

Kevin
    $800 9
Doctor Strange

Jamie
    $800 5
Carl Sagan

Kevin
    $800 17
Siberia

Triple Stumper
    $800 29
Ellen DeGeneres

Deborah
    $800 24
self-driving cars

Triple Stumper
    $800 22
old hat

Jamie
    $1000 10
Black Widow

Jamie
    $1000 6
(Kevin: Who is Godot?)

"The Nose"

Kevin
Triple Stumper
    $1000 18
Gabriel Iglesias

Triple Stumper
    $1,600 30
(Deborah: Who is Park?)

Maya Lin

Deborah
    $1000 25
(Kevin: What is O'Hare Chicago?)

Atlanta

DeborahKevin
    $1000 23
mud pie

Deborah

Scores at the first commercial break (after clue 15):

Deborah Jamie Kevin
$2,000 $3,800 $0

Scores at the end of the Jeopardy! Round:

Deborah Jamie Kevin
$3,400 $6,400 -$200

Double Jeopardy! Round responses

THE MARVELOUS UNIVERSE
SPORTS TROPHIES
WORLD WAR II
THE LAW
BORDER FRENZY
"Q"UIZZICAL
    $400 19
a comet

Jamie
    $400 27
the Stanley Cup

Jamie
    $400 1
sonar

Kevin
    $400 6
manslaughter

Deborah
    $400 9
(Deborah: What is Peru?)
(Kevin: What is Venezuela?)
(Jamie: What is Bolivia?)

Panama

DeborahJamieKevin
Triple Stumper
    $400 8
quintuplets

Kevin
    $800 20
(Deborah: What is Venus?)

Mercury

DeborahKevin
    $800 30
Wimbledon

Kevin
    $800 2
Midway

Kevin
    $800 7
unconstitutional

Jamie
    $800 13
Finland, Sweden and Russia

Kevin
    $800 15
a quarterdeck

Jamie
    $1200 21
Aquarius

Jamie
    $1200 26
(Alex: Yes, less than a minute now.)

the Indianapolis 500

Kevin
    $1200 3
(Kevin: Who is Bess Truman?)

Margaret Truman

DeborahKevin
    $1200 10
Exxon

Deborah
    $1200 14
(Kevin: Tajikistan. What is Tajikistan?)

Uzbekistan

JamieKevin
    $1200 16
a quorum

Deborah
    $1600 22
Alpha Centauri

Jamie
    $1600 28
the Ryder Cup

Deborah
    $1600 4
Montgomery

Kevin
    $1600 11
the Espionage Act

Kevin
    $1,000 24
the Dominican Republic and Haiti

Jamie
    $1600 17
a quantum leap

Jamie
    $2000 23
an asteroid

Triple Stumper
    $2,000 29
(Deborah: What is the Lombardi Trophy?)

the World Cup

Deborah
    $2000 5
(Hermann) Goring

Kevin
    $2000 12
(Bruno Richard) Hauptmann

Kevin
    $2000 25
(Kevin: Who are Guinea and Guinea-Bissau?)

Gambia and Senegal

Kevin
Triple Stumper
    $2000 18
a quid

Jamie

Scores at the end of the Double Jeopardy! Round:

Deborah Jamie Kevin
$5,800 $17,000 $7,400
(lock game)

[wagering suggestions for these scores]

Final Jeopardy! Round responses

UNIVERSITIES
DeborahWhat is Clemson?
$2,500
KevinWhat Clemson
$7,400
JamieWhat is Vanderbilt?
$1,500
Clemson

Final scores:

Deborah Jamie Kevin
$8,300 $15,500 $14,800
3rd place: $1,000 New champion: $15,500 2nd place: $2,000

Game dynamics:

Coryat scores:

Deborah Jamie Kevin
$9,400 $17,600 $7,400
14 R,
4 W
(including 2 DDs)
22 R
(including 1 DD),
1 W
15 R,
7 W

Combined Coryat: $34,400

[game clues] [game scores] [suggest correction]

Game tape date: Unknown
The J! Archive is created by fans, for fans. Scraping, republication, monetization, and malicious use prohibited; this site may use cookies and collect identifying information. See terms. The Jeopardy! game show and all elements thereof, including but not limited to copyright and trademark thereto, are the property of Jeopardy Productions, Inc. and are protected under law. This website is not affiliated with, sponsored by, or operated by Jeopardy Productions, Inc. Join the discussion at JBoard.tv.